Prenoms féminins les plus donnés en 2005 - Statistiques

Statistiques générales
  • Ce quiz a été pris 761 fois
  • Le résultat moyen est 61 sur 100
Statistiques - réponses
lettre Réponse % Correct
E Emma
96%
J Julie
95%
L Lou
94%
M Marie
94%
L Léa
93%
A Anna
92%
Z Zoé
89%
M Manon
88%
C Chloé
85%
J Juliette
85%
P Pauline
85%
J Jade
84%
C Camille
83%
C Clara
83%
L Louise
83%
I Ines
80%
S Sara
80%
A Alice
79%
L Laura
79%
L Lisa
79%
R Romane
79%
L Lucie
78%
O Océane
78%
E Émilie
77%
C Charlotte
75%
J Jeanne
75%
J Julia
75%
L Lola
75%
E Élise
74%
E Éva
73%
L Léna
73%
E Élisa
72%
J Justine
72%
L Lina
70%
S Sarah
70%
A Amélie
69%
L Lise
69%
L Lilou
68%
M Margaux
68%
M Margot
68%
M Mathilde
68%
V Valentine
68%
A Alicia
67%
C Clémence
67%
M Marion
67%
L Louna
66%
A Anaïs
65%
E Éloïse
63%
L Louane
63%
N Noémie
63%
C Carla
62%
M Maëlle
61%
N Nina
61%
H Héloïse
60%
A Ambre
59%
C Célia
58%
L Luna
58%
M Maëlys
58%
V Victoria
58%
F Fanny
56%
M Maeva
54%
A Agathe
53%
L Lana
53%
A Amandine
52%
Y Yasmine
52%
C Claire
51%
L Léane
50%
S Solène
49%
E Elsa
48%
C Clémentine
47%
M Morgane
47%
M Mélanie
46%
L Léonie
45%
N Ninon
45%
M Mélina
44%
M Méline
44%
C Cloé
43%
S Salomé
43%
A Alexia
42%
L Laurine
42%
A Audrey
40%
E Élodie
40%
A Andréa
39%
A Axelle
39%
C Coline
39%
C Coralie
39%
S Sofia
39%
A Anaelle
38%
C Capucine
38%
C Clarisse
38%
C Cassandra
35%
E Émeline
35%
C Candice
34%
F Flavie
34%
I Ilona
34%
L Loane
29%
E Énora
27%
A Angélina
16%
R Rébecca
11%
Aucun quiz correspondant
Distribution des résultats
% des personnes avec chaque résultat
Percentile par nombre de réponses
Votre historique - résultats
Vous n’avez pas pris ce quiz